1014 1228 1544 1408 1500 1668 1724 1634 1131 1585 1234 1420 1822 1501 1739 1574 1477 1719 1786 1659 1023 1849 1748 1444 1763 1270 1603 1562 1307 1376 1505 1800 1753 1003 1645 1825 1990 1416 1156 1617 1889 1917 1578 1916 1542 1932 1242 1028 1250 1534 1695 1564 1032 1422 1840 1107 1926 1219 1504 1389 1427 1092 1052 1665 1153 1198 1557 1533 1743 1777 1995 1310 1910 1423 1664 1458 1132 1762 1672 1488 1625 1673 1449 1770 1162 1775 1432 1076 1614 1755 1311 1369 1764 1629 1557 1260 1803 1363 1139 BCNSPRNW ULIB Ver.6.0+V

เปลี่ยนเป็นภาษาไทย

Change to English
 แสดงรายละเอียดบรรณานุกรม
  กลับหน้าหลัก

Brief Record : Get Marc (ISO 2709) : E-mail record : QR code < ปิดหน้าต่าง
LEADER : 00000nam 2200000uu 4500
001    13399112545
003     ULIB
008    110824s2554||||th 000 0 tha d
020    9786165001298
090    นว.^bณ429ค 2554
100 0  ณารา
245 00 คุณชายธราธร/^cณารา
250    พิมพ์ครั้งที่ 4
260    กรุงเทพฯ :^bพิมพ์คำ,^c2554
300    420 หน้า
490 0  นวนิยายชุด สุภาพบุรุษจุฑาเทพ
945    ^p260^l0^i18514
995    กัณชพร
999    ^aใช้งานได้ทุกระบบ
รายการนี้ยังไม่มีแท็ก
คุณยังไม่ได้ล็อกอิน คุณสามารถมีกิจกรรมร่วมกับเว็บไซต์ได้ แต่ต้องล็อกอินก่อน ::
  ล็อกอิน

รายการสื่อสารสนเทศ

ลำดับที่ ประเภท เลขเรียก/บาร์โค้ด สถานที่ สถานะ
1. นวนิยาย
นวนิยาย
นว. ณ429ค 2554  
  Barcode: 18514
ห้องสมุดวิทยาเขตสวรรค์ประชารักษ์
►นวนิยาย
บนชั้น
  ขอยืม

รายการใกล้เคียง
    ผู้แต่ง [ณารา]

BibComment


ยังไม่เคยถูกคอมเมนท์

คอมเมนท์ทรัพยากรรายการนี้
  คอมเมนท์: คุณชายธราธร ณารา


 Copyright 2026. Bcnsprnw @Library